000 00517nam a2200133Ia 4500
008 220615s9999||||xx |||||||||||||| ||und||
022 _a16648714
100 _aDavid G. Pearson||Julie Krans
245 0 _aMental Imagery in Clinical Disorders
546 _aEnglish[eng]
650 _aclinical psychology||autobiographical memory||intrusive cognitions||clinical disorders||eye movements||mental imagery
856 _uhttp://journal.frontiersin.org/researchtopic/2602/mental-imagery-in-clinical-disorders
942 _cEB
999 _c11064
_d11064